000 00780cab a2200253 4500
001 WB3125-30
008 090401t1995 xxu||||| |||| 00| 0 eng d
035 _a(Sirsi) u15288
041 _aeng
245 _aPrivity of contract
260 _c1995
350 _a0
490 _aEstates Gazette
_v(9525) 24 June 1995, 54(1)
520 _aAn amendment to allow landlord and tenant to decide terms, under which a lease assignment is arranged, has been withdrawn from the bill to abolish privity of contract.
650 _aASSIGNMENT
650 _aLEASE REFORM
650 _aLEASES
650 _aORIGINAL TENANT LIABILITY
650 _aPRIVITY OF CONTRACT
650 _aREFORM
690 _aLANDLORD AND TENANT-BUSINESS TENANCIES
942 _n0
948 _c04/03/1997
999 _c10008
_d10008